000 00337pab a2200145 454500
008 180718b1983 xxu||||| |||| 00| 0 eng d
100 _aKulkarni, H.Y.
245 _aBank profitablity
_bCauses of recent fall
260 _c1983
300 _a5
362 _a7 Mar.
650 _aBanks - India
773 _aEconomic Times
909 _a4324
999 _c4324
_d4324